000
00385nam a22001697a 4500
003
MPLRDC
005
20220104143445.0
008
210129b ||||| |||| 00| 0 eng d
020
_a
957-9233-53-5
082
_a
097 ZX-2
100
_a
朱熹
245
_a
四书章句集注
_c
260
_a
_b
大安出版社
_c
1994
300
_b
平
650
_a
四书
942
_c
BK
_o
097 ZX-2
999
_c
40093
_d
40083